000 00523nam a2200193 a 4500
005 20231021063610.0
008 991125s1988 bar 000 0 spa u
020 _a8427012152
035 _aUPN01000038908
049 _aCG
050 4 _aLB1049
_bM38
245 0 0 _aMétodos de estudio /
_cManuel Alvarez ... [et al.].
260 _aBarcelona, Esp. :
_bRoca,
_c1988.
300 _a258 p.
440 3 _aLa educación
650 4 _aMétodos de estudio
_94280
700 1 _aAlvarez, Manuel,
_ecoaut.
_931090
905 _aLibro
999 _c38908
_d38908